Religion in education : an annotated bibliography
Αποθηκεύτηκε σε:
| Συγγραφή απο Οργανισμό/Αρχή: | |
|---|---|
| Άλλοι συγγραφείς: | |
| Μορφή: | Βιβλίο |
| Γλώσσα: | English |
| Δημοσίευση: |
Oneonta, New York :
American Association of Colleges for Teacher Education,
[1956]
|
| Θέματα: | |
| Ετικέτες: |
Προσθήκη ετικέτας
Δεν υπάρχουν, Καταχωρήστε ετικέτα πρώτοι!
|
MARC
| LEADER | 00000cam a2200000 i 4500 | ||
|---|---|---|---|
| 001 | 1/86500 | ||
| 008 | 080526s1956 eng d | ||
| 035 | |l 10097669 | ||
| 040 | |a GR-MY-UA |b gre |e aacr | ||
| 041 | 0 | |a eng | |
| 082 | 0 | |a 200.71 |2 (22) | |
| 110 | 2 | |a American Association of Colleges for Teacher Education. | |
| 245 | 1 | 0 | |a Religion in education : |b an annotated bibliography / |c compiled by Joseph Politella ; American Association of Colleges for Teacher Education |
| 260 | |a Oneonta, New York : |b American Association of Colleges for Teacher Education, |c [1956] | ||
| 300 | |a x, 90 σ.; |c 23 εκ. | ||
| 504 | |a Περιλαμβάνει ευρετήριο | ||
| 650 | 0 | 0 | |a Church and education |x Bibliography. |
| 650 | 0 | 0 | |a Religious education |x Bibliography. |
| 700 | 1 | |a Politella, Joseph, |d 1910-1975. |4 com | |
| 852 | |a INST |b RHODES |c AKA |e 20080526 |h 200.71 AME |p 005400029031 |q 005400029031 |t BK |y 0 | ||
| 901 | |a BIBL4-2008-2 | ||
| 909 | |a Ρ |b 150226 | ||
| 970 | |a ΧΑΡΙΟΠΟΛΙΤΟΥ |b ΚΩΝΣΤΑΝΤΙΝΑ |z 2008/05/26 | ||